Catálogo público

Nutrient requirements of dairy cattle / (Record no. 167250)

MARC details
000 -CABECERA
campo de control de longitud fija 00989nam a2200313Ia 4500
001 - NÚMERO DE CONTROL
campo de control Z_4187
003 - IDENTIFICADOR DEL NÚMERO DE CONTROL
campo de control CHAP
005 - FECHA Y HORA DE LA ÚLTIMA TRANSACCIÓN
campo de control 20251203123637.0
008 - DATOS DE LONGITUD FIJA--INFORMACIÓN GENERAL
campo de control de longitud fija 220113s2001 xx 000 0 und d
010 ## - NÚMERO DE CONTROL DE LA BIBLIOTECA DEL CONGRESO
Número de control de LC 167250
020 ## - NÚMERO INTERNACIONAL ESTÁNDAR DEL LIBRO
Número Internacional Estándar del Libro 0-309-06997-1
040 ## - FUENTE DE LA CATALOGACIÓN
Centro catalogador/agencia de origen Z
Centro/agencia transcriptor CHAP
Normas de descripción rda
082 ## - NÚMERO DE LA CLASIFICACIÓN DECIMAL DEWEY
Número de clasificación 636.0852
Número de documento/Ítem N38 D39 2001
Número de edición 20
110 1# - ENTRADA PRINCIPAL--NOMBRE DE ENTIDAD CORPORATIVA
Nombre de entidad corporativa o nombre de jurisdicción como elemento de entrada National Research Council. Washington.
Unidad subordinada Subcommitee on Poultry Nutrition
9 (RLIN) 139954
245 ## - MENCIÓN DE TÍTULO
Título Nutrient requirements of dairy cattle /
Mención de responsabilidad, etc. by National Research Council
250 ## - MENCIÓN DE EDICIÓN
Mención de edición 7 th.
300 ## - DESCRIPCIÓN FÍSICA
Extensión 381 p. + C.D.
500 ## - NOTA GENERAL
Nota general Fotocopía
650 ## - PUNTO DE ACCESO ADICIONAL DE MATERIA--TÉRMINO DE MATERIA
Término de materia o nombre geográfico como elemento de entrada Alimentos y alimentación del ganado
9 (RLIN) 4326
650 ## - PUNTO DE ACCESO ADICIONAL DE MATERIA--TÉRMINO DE MATERIA
Término de materia o nombre geográfico como elemento de entrada Ganado lechero
Subdivisión general Alimentación
9 (RLIN) 45238
942 ## - ELEMENTOS DE PUNTO DE ACCESO ADICIONAL (KOHA)
Tipo de ítem Koha Libro_
Fuente del sistema de clasificación o colocación Dewey Decimal Classification
942 ## - ELEMENTOS DE PUNTO DE ACCESO ADICIONAL (KOHA)
Tipo de ítem Koha Libro
Fuente del sistema de clasificación o colocación Dewey Decimal Classification
260 ## - PUBLICACIÓN, DISTRIBUCIÓN, ETC.
Lugar de publicación, distribución, etc. Washington :
Nombre del editor, distribuidor, etc. Academy Press,
Fecha de publicación, distribución, etc. 2001
440 ## - MENCIÓN DE SERIE/PUNTO DE ACCESO ADICIONAL--TÍTULO
Título Animal Nutrition Series (National Academies of Sciences, Engineering, and Medicine)
9 (RLIN) 82288
503 ## - NOTA DE HISTORIA BIBLIOGRÁFICA (BK CF MU) [OBSOLETO]
Nota de historia bibliográfica c. 2 c/e
901 ## - ELEMENTOS DE DATOS A LOCAL LDA (RLIN)
a 636.0852 N38 D39 2001
902 ## - ELEMENTOS DE DATOS B LOCAL, LDB (RLIN)
a M
910 ## - DATOS DE OPCIÓN DEL USUARIO (OCLC)
Datos de opción del usuario 2001
Holdings
Estado de retiro Estado de pérdida Fuente del sistema de clasificación o colocación Estado dañado Restricciones de uso No para préstamo Código de colección Localización permanente Ubicación/localización actual Fecha de adquisición Número de inventario Total de préstamos Signatura topográfica completa Código de barras Fecha visto por última vez Fecha del último préstamo Número de copia Precio válido a partir de Tipo de ítem Koha Nota pública
    Dewey Decimal Classification   Préstamo interno   General Zootecnia Zootecnia 09/11/2005 S/N 2 636.0852 N38 D39 2001 5102004328 15/02/2023 15/02/2023 Ej.1 18/01/2022 Libro Fotocopia
    Dewey Decimal Classification   Préstamo interno   General Zootecnia Zootecnia 25/01/2006 S/N 2 636.0852 N38 D39 2001 5102005181 19/11/2024 19/11/2024 Ej.2 18/01/2022 Libro Fotocopia